A room with a view /

Gespeichert in:
Bibliographische Detailangaben
1. Verfasser: Forster, E. M. (Verfasst von)
Format: Buch
Sprache:Englisch
Veröffentlicht: New York : Vintage Books, [s.d.]
Schriftenreihe:Vintage ; 187
Tags: Tag hinzufügen
Keine Tags, Fügen Sie das erste Tag hinzu!

MARC

LEADER 00000nam a22000007i 4500
001 IT\ICCU\UBO\3305623
003 ItRI
005 20260115232244.0
008 071022quuuuuuuuxxu|||||| ||||| |||||c
040 |b ita  |c importazione bologna sebina 
041 7 |a eng  |2 ISO-639-2 
100 1 |a Forster, E. M.  |0 IT\ICCU\CFIV\002137  |4 aut 
245 1 2 |a A room with a view /  |c by E. M. Forster. 
260 |a New York :  |b Vintage Books,  |c [s.d.] 
300 |a 246 p. ;  |c 19 cm. 
790 1 |a Forster, Edward Morgan  |3 IT\ICCU\SBNV\006465  |z Forster, E. M. 
790 1 |a Forster, Edward M.  |3 IT\ICCU\USMV\623572  |z Forster, E. M. 
790 1 |a Forster, Edward  |3 IT\ICCU\UTOV\571531  |z Forster, E. M. 
830 0 |a Vintage ;  |v 187  |0 IT\ICCU\PUV\0506650 
942 |2 ddc  |c BK  |n 0 
952 |0 0  |1 0  |4 0  |6 DOC_823_914000000000000_FOR  |7 0  |9 23073  |a BO  |b BO  |d 2026-01-15  |i 4579  |l 0  |o DOC 823.914 FOR  |p BO4579  |r 2026-01-15 23:22:44  |w 2026-01-15  |x [Sebina 7] [1 v.]  |y BK  |z 1 v. 
999 |c 19678  |d 19678